Library Logo

Pioneer International University Library Catalogue

Throne of glass / (Record no. 10058)

MARC details
000 -LEADER
fixed length control field 00861nam a22002657a 4500
003 - CONTROL NUMBER IDENTIFIER
control field OSt
005 - DATE AND TIME OF LATEST TRANSACTION
control field 20260413115842.0
008 - FIXED-LENGTH DATA ELEMENTS--GENERAL INFORMATION
fixed length control field 260413b |||||||| |||| 00| 0 eng d
010 ## - LIBRARY OF CONGRESS CONTROL NUMBER
LC control number 2012011229
020 ## - INTERNATIONAL STANDARD BOOK NUMBER
International Standard Book Number 9781599906959- (Hardback)
040 ## - CATALOGING SOURCE
Language of cataloging eng
Transcribing agency BLOOMSBURY
Description conventions rda
041 ## - LANGUAGE CODE
Language code of text/sound track or separate title eng
050 ## - LIBRARY OF CONGRESS CALL NUMBER
Classification number PZ 7 .M11 2012
Item number .M111 2012
100 ## - MAIN ENTRY--PERSONAL NAME
Personal name Maas, Sarah J.
245 ## - TITLE STATEMENT
Title Throne of glass /
Statement of responsibility, etc. Sarah J. Maas.
250 ## - EDITION STATEMENT
Edition statement First edition.
260 ## - PUBLICATION, DISTRIBUTION, ETC.
Place of publication, distribution, etc. New York :
Name of publisher, distributor, etc. Bloomsbury,<
Date of publication, distribution, etc. 2012
300 ## - PHYSICAL DESCRIPTION
Extent 406 pages ;
Dimensions 21 cm.
520 ## - SUMMARY, ETC.
Summary, etc. An assassin competes in a deadly competition to win her freedom while uncovering a greater political conspiracy in a fantasy kingdom.
650 ## - SUBJECT ADDED ENTRY--TOPICAL TERM
Topical term or geographic name entry element Assassins
Form subdivision Fiction.
650 ## - SUBJECT ADDED ENTRY--TOPICAL TERM
Topical term or geographic name entry element Fantasy fiction.
650 ## - SUBJECT ADDED ENTRY--TOPICAL TERM
Topical term or geographic name entry element Kings and rulers
Form subdivision Fiction.
655 ## - INDEX TERM--GENRE/FORM
Source of term lcgft
Genre/form data or focus term Young adult fiction.
942 ## - ADDED ENTRY ELEMENTS (KOHA)
Source of classification or shelving scheme Library of Congress Classification
Koha item type Books
Edition 1st ed.
Suppress in OPAC No
Holdings
Withdrawn status Lost status Source of classification or shelving scheme Damaged status Not for loan Home library Current library Date acquired Total checkouts Full call number Barcode Date last seen Price effective from Koha item type
    Library of Congress Classification     PIU Library Main Library 04/13/2026   PZ 7 .M111 2012 PIUDLMUR1030 04/13/2026 04/13/2026 Books